000
00293nam a22000977a 4500
100
_a
Kelash Kumar
_a
08EL51
245
_a
A Comprehendive Study of High Voltage Equipements Study Behavior Operation and Maintenance of Sub Station
260
_a
Nawabshah
_b
QUEST
_c
2012
300
_a
84 p
942
_c
BK
999
_c
57371
_d
57368